Maritime economics

Tallennettuna:
Bibliografiset tiedot
Päätekijä: Stopford, Martin (Tekijä)
Aineistotyyppi: Kirja
Kieli:englanti
Julkaistu: Londres Routledge 1997
Painos:2a. ed
Aiheet:
Tagit: Lisää tagi
Ei tageja, Lisää ensimmäinen tagi!

MARC

LEADER 00000nam a2200000 a 4500
001 UCO4705
003 CL-VaPUC
008 000811e19970000UK |||||||||||||||||eng|d
082 0 4 |a 333.9164  |b STO  |2 21 
100 0 |a Stopford, Martin  |e author  |9 449345 
245 1 0 |a Maritime economics 
250 |a 2a. ed 
300 |a 562 p 
942 |c BK 
945 |d 20000811 00:00:00  |a vberengu 
260 |a Londres  |b Routledge  |c 1997 
650 7 |a BUQUES DE CARGA  |2 CL-VaPUC  |9 359866 
650 0 |a Comercio marítimo  |9 352895 
650 0 |a Contratos  |9 255153 
650 0 |a Costos   |9 261063 
650 0 |a Tratados internacionales   |9 256056 
650 0 |a Transporte marítimo  |9 260127 
583 |a last modification  |c 20000811 00:00:00  |k Rodrigo Vera 
999 |c 290709  |d 290707 
952 |0 0  |1 0  |4 0  |6 333_916400000000000_STO_1997  |7 0  |8 A  |9 340266  |a BIBING  |b BIBING  |d 2019-11-20  |i 3638758  |o 333.9164 STO 1997  |p 3638758  |r 2025-01-20  |w 2019-11-20  |y BK  |k TRA